000 00673nam a2200193 i 4500
001 111018
003 ES-MaACL
005 20230906185226.0
007 t|
008 061121s1965 sp |||| | spa d
080 _a811.922
100 1 _aNadal y de Quadras, Juan Luis de.
_984818
245 1 0 _aGramática del idioma mundial Ido (Idiomo di omni) :
_besperanto reformado /
_cpor Juan Luis de Nadal y de Quadras ; en colaboración con Francisco Ballester Gales.
260 _aBarcelona :
_bSociedad Idista Española,
_c1965.
300 _a78 p. ;
_c17 cm.
650 4 _aEsperanto.
_912494
700 1 _aBallester Gales, Francisco.
_925016
852 4 _aES-MaACL
_jC-28348
999 _c111018
_d111018